Prefabricated power cabling for buildings: procuring, installing and testing (Record no. 101821)
[ view plain ]
| 000 -LEADER | |
|---|---|
| fixed length control field | 01031cam a2200253 4500 |
| 008 - FIXED-LENGTH DATA ELEMENTS--GENERAL INFORMATION | |
| fixed length control field | 000000n2001 000 0 eng u |
| 020 ## - INTERNATIONAL STANDARD BOOK NUMBER | |
| International Standard Book Number | 1860814913 |
| 035 ## - SYSTEM CONTROL NUMBER | |
| System control number | (Sirsi) u116061 |
| 050 ## - LIBRARY OF CONGRESS CALL NUMBER | |
| Classification number | 621.31042 |
| 100 ## - MAIN ENTRY--PERSONAL NAME | |
| Personal name | Bromley, Ken |
| 110 ## - MAIN ENTRY--CORPORATE NAME | |
| Corporate name or jurisdiction name as entry element | Building Research Establishment |
| 245 ## - TITLE STATEMENT | |
| Title | Prefabricated power cabling for buildings: procuring, installing and testing |
| 260 ## - PUBLICATION, DISTRIBUTION, ETC. | |
| Place of publication, distribution, etc. | London |
| Name of publisher, distributor, etc. | CRC Ltd |
| Date of publication, distribution, etc. | 2001 |
| 300 ## - PHYSICAL DESCRIPTION | |
| Extent | 6p. ; 30cm. |
| 490 ## - SERIES STATEMENT | |
| Series statement | BRE Digest |
| Volume/sequential designation | 456 |
| 520 ## - SUMMARY, ETC. | |
| Summary, etc. | Prefabricated cabling systems for lighting and small power distribution in buildings present significant opportunities for improvements in speed of installing systems and equipment. This Digest presents guidance on procuring and installing prefabricated cabling systems, including a suggested procedure for on-site inspection and testing of products |
| 650 ## - SUBJECT ADDED ENTRY--TOPICAL TERM | |
| Topical term or geographic name entry element | LIGHTING |
| 650 ## - SUBJECT ADDED ENTRY--TOPICAL TERM | |
| Topical term or geographic name entry element | POWER CABLES |
| 650 ## - SUBJECT ADDED ENTRY--TOPICAL TERM | |
| Topical term or geographic name entry element | PREFABRICATION |
| 690 ## - LOCAL SUBJECT ADDED ENTRY--TOPICAL TERM (OCLC, RLIN) | |
| Topical term or geographic name as entry element | Block management |
| 9 (RLIN) | 6220 |
| 700 ## - ADDED ENTRY--PERSONAL NAME | |
| Personal name | Graves, Hilary |
| 700 ## - ADDED ENTRY--PERSONAL NAME | |
| Personal name | Roche, Liam |
| 942 ## - ADDED ENTRY ELEMENTS (KOHA) | |
| Suppress in OPAC | 0 |
| Withdrawn status | Lost status | Source of classification or shelving scheme | Damaged status | Not for loan | Home library | Current library | Shelving location | Date acquired | Total Checkouts | Full call number | Barcode | Date last seen | Copy number | Price effective from | Koha item type |
|---|---|---|---|---|---|---|---|---|---|---|---|---|---|---|---|
| Dewey Decimal Classification | London | London | BRE publications | 11/06/2002 | BRE | 30066060 | 06/08/2019 | 1 | 06/08/2019 | Reference material |